[Event "EU-ch Schools U13 Girls"]
[Site "Rhodes"]
[Date "2022.04.22"]
[Round "2"]
[White "Ozsoy, Idil Mira"]
[Black "Abbasova, Zarifa"]
[Result "1/2-1/2"]
[WhiteElo "2034"]
[BlackElo "1497"]
[PlyCount "78"]
[EventDate "2022.04.21"]
[EventType "swiss"]
[EventRounds "9"]
[EventCountry "GRE"]
[SourceTitle "CBM 208 Extra"]
[Source "ChessBase"]
[SourceDate "2022.07.31"]
[SourceVersion "1"]
[SourceVersionDate "2022.07.31"]
[SourceQuality "1"]

1. e4 e5 2. Nf3 Nf6 3. Nxe5 d6 4. Nf3 Nxe4 5. Nc3 Nxc3 6. dxc3 Be7 7. Bd3 0-0 8. Be3 Nd7 9. Qd2 Ne5 10. 0-0-0 Nxd3+ 11. Qxd3 Be6 12. Kb1 Bf6 13. h4 Re8 14. Ng5 g6 15. Rh2 Kg7 16. Rdh1 Qe7 17. Nxe6+ fxe6 18. h5 g5 19. g4 Kh8 20. h6 Rg8 21. Rh5 Rg6 22. R1h3 Rf8 23. Rf3 a6 24. Qd2 Kg8 25. Rg3 Be5 26. Bxg5 Qf7 27. Rg2 Qf3 28. Rg1 Qxf2 29. Qxf2 Rxf2 30. Be3 Rf3 31. Bc1 Bf4 32. Bxf4 Rxf4 33. g5 Rf5 34. Kc1 Kf7 35. Kd2 Rf2+ 36. Kd3 Rf5 37. c4 e5 38. b3 Ke6 39. Ke3 Kf7 1/2-1/2

[Event "EU-ch Amateur 1700 (Women)"]
[Site "Niksic"]
[Date "2018.06.20"]
[Round "8"]
[White "Ozsoy, Idil Mira"]
[Black "Popovic, Mateja"]
[Result "1-0"]
[WhiteElo "1123"]
[BlackElo "1156"]
[PlyCount "77"]
[EventDate "2018.06.14"]
[EventType "swiss"]
[EventRounds "9"]
[EventCountry "MNE"]
[SourceTitle "EXT 2019"]
[Source "ChessBase"]
[SourceDate "2018.10.10"]
[SourceVersion "1"]
[SourceVersionDate "2018.10.10"]
[SourceQuality "1"]

1. e4 e5 2. Nc3 Nf6 3. f4 d6 4. Nf3 Nc6 5. Bb5 exf4 6. d4 a6 7. Bxc6+ bxc6 8. 0-0 Be7 9. Qe2 a5 10. Rd1 0-0 11. e5 Ba6 12. Qe1 Nd7 13. Bxf4 Re8 14. Qg3 Nf8 15. d5 Qb8 16. Rab1 Qb6+ 17. Nd4 Ng6 18. Be3 Bh4 19. Qg4 Rxe5 20. Nf5 Rxe3 21. Nxe3 Qxe3+ 22. Kh1 Be2 23. Qxe2 Qxe2 24. Nxe2 Re8 25. Ng3 cxd5 26. Rxd5 Bf6 27. h3 Nf4 28. Rd2 g6 29. Rf2 Be5 30. Re1 Rb8 31. b3 Nxh3 32. Rf3 Ng5 33. Rd3 Ne6 34. Ne4 Nf4 35. Rf3 Ne6 36. Nf6+ Kg7 37. Nd7 Rb5 38. c4 Bc3 39. Rxc3 1-0

[Event "EU-ch Amateur 1700 (Women)"]
[Site "Niksic"]
[Date "2018.06.15"]
[Round "2"]
[White "Meremyanina, Kseniya"]
[Black "Ozsoy, Idil Mira"]
[Result "1-0"]
[WhiteElo "1581"]
[BlackElo "1123"]
[PlyCount "167"]
[EventDate "2018.06.14"]
[EventType "swiss"]
[EventRounds "9"]
[EventCountry "MNE"]
[SourceTitle "EXT 2019"]
[Source "ChessBase"]
[SourceDate "2018.10.10"]
[SourceVersion "1"]
[SourceVersionDate "2018.10.10"]
[SourceQuality "1"]

1. e4 d5 2. exd5 Qxd5 3. Nc3 Qa5 4. Bc4 c6 5. d3 Bf5 6. Bd2 Qc7 7. Nge2 Nd7 8. 0-0 Ngf6 9. Re1 0-0-0 10. Bxf7 Ne5 11. Bb3 Neg4 12. Ng3 Bd7 13. h3 Nh6 14. Bxh6 gxh6 15. Qf3 Re8 16. Re2 Bg7 17. Rae1 e5 18. Nf5 Bxf5 19. Qxf5+ Kb8 20. Ne4 Rhf8 21. Nc5 Nd5 22. Nd7+ Ka8 23. Nxf8 Rxf8 24. Qg4 Nf4 25. Re3 h5 26. Qd1 Bf6 27. Kh2 Qg7 28. g3 Nd5 29. Bxd5 cxd5 30. Qxh5 Bd8 31. R1e2 a6 32. Rxe5 Bb6 33. Re8+ Rxe8 34. Qxe8+ Ka7 35. Qe5 Qf7 36. f4 Qd7 37. Qe8 Qc7 38. Qe7 Qc6 39. f5 Qa4 40. f6 Qd4 41. Rg2 Bc5 42. Qe6 Qxb2 43. Qxd5 Qb6 44. f7 Bf8 45. Qb3 Qd6 46. c4 h5 47. Rb2 Qc7 48. Rf2 h4 49. d4 hxg3+ 50. Qxg3 Bd6 51. f8Q Bxg3+ 52. Kg2 Bxf2 53. Qxf2 Qxc4 54. d5+ Ka8 55. Qd2 Qe4+ 56. Kg3 Qg6+ 57. Kh4 Qf6+ 58. Kg4 Qg7+ 59. Qg5 Qd7+ 60. Qf5 Qg7+ 61. Kf4 Qc7+ 62. Ke4 Qe7+ 63. Qe6 Qh7+ 64. Ke5 Qh5+ 65. Kd6 Qh8 66. Qd7 Qf8+ 67. Qe7 Qh6+ 68. Qe6 Qf8+ 69. Kd7 Qg7+ 70. Qe7 Qh6 71. d6 Qxh3+ 72. Qe6 Qh7+ 73. Kd8 Qh4+ 74. Kc7 Qh7+ 75. d7 Qc2+ 76. Kd6 Qd3+ 77. Qd5 Qg3+ 78. Ke7 Qe3+ 79. Qe6 Qc5+ 80. Ke8 Qh5+ 81. Qf7 Qe5+ 82. Qe7 Qh8+ 83. Qf8 Qe5+ 84. Kf7+ 1-0